Термодинамика и статистическая физика: учебное пособие

Bibliografiset tiedot
Päätekijä: Квасников И. А. Иридий Александрович
Kieli:venäjä
Julkaistu: Москва, Едиториал УРСС, 2002-
Painos:2-е изд., перераб. и доп.
Aineistotyyppi: MixedMaterials Kirja
KOHA link:https://koha.lib.tpu.ru/cgi-bin/koha/opac-detail.pl?biblionumber=91927

MARC

LEADER 00000nam1a2200000 4500
001 91927
005 20231031104353.0
010 |a 5354000769 
035 |a (RuTPU)RU\TPU\book\98519 
090 |a 91927 
100 |a 20060303d2002 m y0rusy50 ca 
101 0 |a rus 
102 |a RU 
200 1 |a Термодинамика и статистическая физика  |e учебное пособие  |f И. А. Квасников 
205 |a 2-е изд., перераб. и доп. 
210 |a Москва  |c Едиториал УРСС  |d 2002- 
700 1 |a Квасников  |b И. А.  |g Иридий Александрович 
801 1 |a RU  |b 63413507  |c 20060303  |g PSBO 
801 2 |a RU  |b 63413507  |c 20060405  |g PSBO 
942 |c BK